| 000 | 00467nam a2200181Ia 4500 | ||
|---|---|---|---|
| 001 | 9264 | ||
| 005 | 20260306160711.0 | ||
| 008 | 260306t1999||||xx |||||||||||||| ||spa|| | ||
| 041 | _aESP | ||
| 082 |
_a378.00985 _bG68 |
||
| 100 |
_aGonzales de Olarte, Efraín [1946-...] _eAUT |
||
| 245 | 0 | _aEnseñanza de economía en las provincias del Perú | |
| 260 | _c1999 | ||
| 300 |
_a70 páginas : _c20 cm. |
||
| 650 | _aGEN | ||
| 654 | _aCED | ||
| 942 |
_cLIB _dJUS _fJUS _2ddc _n |
||
| 999 |
_c9264 _d9264 |
||